000 00334nam a22001457a 4500
008 221021b ||||| |||| 00| 0 eng d
020 _a9785388741394
041 _aeng
080 _27TH EDITION
_a330.722
082 _a330.722 WAR
100 _a23.2
101 _aFIN
245 _aFINANCIAL ACCOUNTING
_cWARREN
942 _2udc
_cBK
999 _c58642
_d58642